LIBRARY & INFORMATION CENTRE, KCAET, TAVANUR

ONLINE PUBLIC ACCESS CATALOGUE (OPAC)

Glossary of terms relating to river valley projects Part -9 Spillways and siphons / (Record no. 4176)

MARC details
000 -LEADER
fixed length control field 00916cam a2200145ua 4500
041 ## - LANGUAGE CODE
Language code of text/sound track or separate title eng
082 ## - DEWEY DECIMAL CLASSIFICATION NUMBER
Classification number 627.83
Item number IND/GL
245 ## - TITLE STATEMENT
Title Glossary of terms relating to river valley projects Part -9 Spillways and siphons /
260 ## - PUBLICATION, DISTRIBUTION, ETC. (IMPRINT)
Place of publication :
Name of publisher ISI ,
Year of publication 1982.
300 ## - PHYSICAL DESCRIPTION
Number of Pages 20 ; .
942 ## - ADDED ENTRY ELEMENTS (KOHA)
Koha item type Books
Holdings
Withdrawn status Lost status Damaged status Home library Current library Date acquired Full call number Accession Number Koha item type
      KAUAET   07/04/2012 627.83 17168 Books
free website counter